Ανάλυση ειδικεύσεων στη βιομηχανία κατά νομό για το 1984
Αποθηκεύτηκε σε:
| Κύριος συγγραφέας: | |
|---|---|
| Συγγραφή απο Οργανισμό/Αρχή: | |
| Μορφή: | Βιβλίο |
| Γλώσσα: | Greek |
| Δημοσίευση: |
Αθήνα :
Κέντρο Προγραμματισμού και Οικονομικών Ερευνών,
1991.
|
| Σειρά: | Στατιστικά στοιχεία ;
1 |
| Θέματα: | |
| Ετικέτες: |
Προσθήκη ετικέτας
Δεν υπάρχουν, Καταχωρήστε ετικέτα πρώτοι!
|
MARC
| LEADER | 00000cam a2200000 i 4500 | ||
|---|---|---|---|
| 001 | 1/98300 | ||
| 008 | 950309s1991 gr | ||| |||| ||gre|| | ||
| 035 | |l 10010884 | ||
| 040 | |a GR-MyUa |b gre |e AACR2 | ||
| 041 | 0 | |a gre | |
| 082 | 0 | |a 2157 | |
| 100 | 1 | |a Τονικίδου, Παρθενόπη. | |
| 245 | 1 | 0 | |a Ανάλυση ειδικεύσεων στη βιομηχανία κατά νομό για το 1984 / |c Παρθενόπη Ι. Τονικίδου. |
| 260 | |a Αθήνα : |b Κέντρο Προγραμματισμού και Οικονομικών Ερευνών, |c 1991. | ||
| 300 | |a 74 σ. | ||
| 490 | 1 | |a (Στατιστικά στοιχεία ; |v 1) | |
| 650 | 0 | |a Occupations |z Greece |x Classification. | |
| 650 | 0 | |a Labor supply |z Greece |x Statistics. | |
| 710 | 2 | |a Κέντρο Προγραμματισμού και Οικονομικών Ερευνών. | |
| 830 | 0 | |a Στατιστικά στοιχεία ; |v 1 | |
| 852 | |a INST |b LESVOS |e 19950309 |h 338.9495 ΤΟΝ |p 005100002514 |q 005100002514 |t BK |y 0 | ||
| 922 | |a 1ΔΩΡ |b 199203 |c ΚΕΠΕ | ||